| 000 | 00548cam a2200229 4500 | ||
|---|---|---|---|
| 008 | 090401t1988 xxu||||| |||| 00| 0 eng d | ||
| 020 | _a0632020385 | ||
| 035 | _a(Sirsi) u33433 | ||
| 041 | _aeng | ||
| 050 | _a526.902469 | ||
| 100 | _aMuskett, John | ||
| 245 | _aSite surveying | ||
| 260 |
_aOxford _bBSP Professional Books _c1988 |
||
| 300 | _axiv,352p. : ill. ; 24cm. | ||
| 350 | _a11.5 | ||
| 650 | _aCONTROL SURVEYS | ||
| 650 | _aLEVELLING | ||
| 650 | _aSETTING OUT | ||
| 650 | _aTHEODOLITES | ||
| 942 | _n0 | ||
| 948 | _c04/03/1997 | ||
| 999 |
_c89806 _d89806 |
||